| 000 | 00727nam a2200265Ia 4500 | ||
|---|---|---|---|
| 001 | Para_4759 | ||
| 003 | CHAP | ||
| 008 | 220125s1928 xx 000 0 und d | ||
| 010 | _a203233 | ||
| 040 | _cCHAP | ||
| 090 | _aPA FOLLETO 2161 | ||
| 100 |
_aCecil, Rodney _920829 |
||
| 245 |
_aThe mexican bean beetle / _c by Rodney Cecil |
||
| 260 |
_aGeneva, N. Y. : _b Agricultural Experiment Station |
||
| 300 | _a12 p. | ||
| 440 |
_aNew York. Agri. Exp. Sta. Circular; 96 _9168911 |
||
| 650 |
_aEpilachna varivestis _937226 |
||
| 901 | _aPA FOLLETO 2161 | ||
| 902 | _aA | ||
| 905 | _a0000001928 GEN 0000000000 00 | ||
| 910 | _a1928 | ||
| 942 | _cPARA | ||
| 942 |
_cPARA _d1 |
||
| 999 |
_c203233 _d203233 |
||